[Event "I Open I Like Elo"]
[Site "Roma ITA"]
[Date "2008.11.05"]
[Round "4"]
[White "Elia, Alessio"]
[Black "De Lisa, Carmine"]
[Result "0-1"]
[WhiteElo "1869"]
[BlackElo "1699"]
[PlyCount "86"]
[EventDate "2008.10.15"]

1. d4 Nf6 2. Nf3 d5 3. Bg5 Ne4 4. Bh4 c5 5. e3 cxd4 6. exd4 Qb6 7. Qc1 g5 8.
Nxg5 Qh6 9. Qf4 f6 10. Nh3 Bxh3 11. Qxh6 Bxh6 12. f3 Bc1 13. fxe4 Bxb2 14. gxh3
Bxa1 15. c3 dxe4 16. Bb5+ Nc6 17. d5 a6 18. Ba4 b5 19. dxc6 bxa4 20. Bg3 Rc8
21. c7 e5 22. Kd2 Rxc7 23. Kc2 Ke7 24. Re1 Rhc8 25. Re3 Ke6 26. Be1 f5 27. Bd2
Kd5 28. Re1 f4 29. Rd1 Ke6 30. Be1 Kf5 31. Rd6 Rc6 32. Rd7 R8c7 33. Rd8 e3 34.
Kd3 Ke6 35. Re8+ Re7 36. Rf8 Rd7+ 37. Kc2 Rf7 38. Re8+ Kf5 39. Kd3 Rd6+ 40. Ke2
Ke4 41. Na3 f3+ 42. Kf1 Rd1 43. Nc2 Bxc3 0-1

[Event "I Open I Like Elo"]
[Site "Roma ITA"]
[Date "2008.11.05"]
[Round "4"]
[White "Gatta, Flavio"]
[Black "Pala, Giorgio"]
[Result "1/2-1/2"]
[WhiteElo "1771"]
[BlackElo "1988"]
[PlyCount "37"]
[EventDate "2008.10.15"]

1. c4 Nf6 2. Nc3 g6 3. e4 d6 4. d4 Bg7 5. h3 e5 6. dxe5 dxe5 7. Qxd8+ Kxd8 8.
Bg5 c6 9. Nf3 Nbd7 10. Be2 Kc7 11. O-O h6 12. Be3 Nh5 13. c5 Nf4 14. Bc4 Rf8
15. Rab1 b5 16. cxb6+ axb6 17. Rfc1 Ba6 18. Bxa6 Rxa6 19. Nb5+ 1/2-1/2

[Event "I Open I Like Elo"]
[Site "Roma ITA"]
[Date "2008.11.05"]
[Round "4"]
[White "Gerlando, Onofrio"]
[Black "Mecali, Antonello"]
[Result "0-1"]
[WhiteElo "1509"]
[BlackElo "1866"]
[PlyCount "120"]
[EventDate "2008.10.15"]

1. d4 Nf6 2. Nf3 g6 3. Bf4 Bg7 4. e3 d6 5. h3 O-O 6. c3 b6 7. Be2 c5 8. O-O Bb7
9. Nfd2 Nbd7 10. Bf3 Qc7 11. Na3 a6 12. Qb3 b5 13. Qd1 Rfc8 14. Rc1 Rab8 15.
Nc2 a5 16. a3 Bc6 17. dxc5 Nxc5 18. b4 Nd3 19. Rb1 Nxf4 20. exf4 Bxf3 21. Qxf3
Qxc3 22. Qxc3 Rxc3 23. Ne3 Rxa3 24. bxa5 Rxa5 25. f5 Ra2 26. Nb3 Ne4 27. fxg6
hxg6 28. Nd5 e6 29. Ne7+ Kf8 30. Nc6 Rc8 31. Ncd4 Bxd4 32. Nxd4 Nd2 33. Nxb5
Nxb1 34. Nxd6 Rb8 35. Ne4 Nd2 36. Nxd2 Rxd2 37. g3 Rbb2 38. Kg2 e5 39. Kf3 f5
40. g4 Rb3+ 41. Kg2 f4 42. h4 Rg3+ 43. Kh2 Rxg4 44. Kh3 Rxf2 45. Rxf2 Rg3+ 46.
Kh2 Kf7 47. Ra2 Kf6 48. Ra6+ Kf5 49. Ra5 Re3 50. Kg2 Kg4 51. Ra6 Kxh4 52. Kf2
g5 53. Ra1 g4 54. Rh1+ Kg5 55. Rh8 g3+ 56. Kf1 Kg4 57. Rg8+ Kf3 58. Rg7 g2+ 59.
Kg1 Re1+ 60. Kh2 Rh1# 0-1

[Event "I Open I Like Elo"]
[Site "Roma ITA"]
[Date "2008.11.05"]
[Round "4"]
[White "Iacoacci, Giancarlo"]
[Black "Medori, Marco"]
[Result "0-1"]
[WhiteElo "1752"]
[BlackElo "1929"]
[PlyCount "104"]
[EventDate "2008.10.15"]

1. d4 Nf6 2. Bf4 d5 3. Nf3 e6 4. e3 c5 5. Bd3 c4 6. Be2 Qb6 7. Qc1 Bd6 8. Bxd6
Qxd6 9. c3 Nc6 10. Nbd2 O-O 11. Qc2 b5 12. O-O Bb7 13. Rfe1 Rfb8 14. a3 a5 15.
b4 axb4 16. axb4 Qd8 17. Bf1 Rxa1 18. Rxa1 Ra8 19. Rxa8 Qxa8 20. g3 Ne4 21.
Nxe4 dxe4 22. Nd2 Ne7 23. Bg2 Qa1+ 24. Nf1 f5 25. h3 Nd5 26. Kh2 Qxc3 27. Qa2
Qxb4 28. Qa7 Qe7 29. Nd2 Kf7 30. Bf1 Bc6 31. Qa6 Qb7 32. Qa5 Qb6 33. Qa1 Bb7
34. Bxc4 bxc4 35. Nxc4 Qa6 36. Qc1 h6 37. Ne5+ Kg8 38. Qd1 Nf6 39. Kg2 Bc6 40.
Qc2 Bd7 41. Qc7 Qc8 42. Qd6 Be8 43. Qe7 Nd5 44. Qd6 Kh7 45. Qf8 Qc2 46. Qa3 Bb5
47. g4 f4 48. h4 Nxe3+ 49. Kg1 Qd1+ 50. Kh2 Nxg4+ 51. Nxg4 Qxg4 52. Qe7 Bf1 0-1

[Event "I Open I Like Elo"]
[Site "Roma ITA"]
[Date "2008.11.05"]
[Round "4"]
[White "Luzi, Alessandro"]
[Black "Sermoneta, Eugenio"]
[Result "0-1"]
[WhiteElo "1912"]
[BlackElo "1742"]
[PlyCount "90"]
[EventDate "2008.10.15"]

1. e4 Nf6 2. e5 Nd5 3. d4 d6 4. c4 Nb6 5. Nf3 Bg4 6. Be2 dxe5 7. c5 N6d7 8.
Nxe5 Nxe5 9. Bxg4 Nxg4 10. Qxg4 Nc6 11. Be3 g6 12. O-O Bg7 13. Rd1 e6 14. Nc3
Nb4 15. Rac1 f5 16. Qf3 c6 17. a3 Nd5 18. Ne2 Qf6 19. Bf4 O-O 20. Be5 Qf7 21.
Bd6 Rfe8 22. Nc3 e5 23. Bxe5 Bxe5 24. dxe5 Rxe5 25. Kf1 Rae8 26. Re1 Rxe1+ 27.
Rxe1 Rxe1+ 28. Kxe1 Qe7+ 29. Qe2 Qxc5 30. Qe6+ Kg7 31. Qe5+ Kf7 32. Ne2 Qe7 33.
Qh8 Nf6 34. Qb8 a6 35. f3 Kg7 36. Kf1 Nd5 37. Qa7 Kh6 38. Kf2 Qc7 39. Qa8 Qb6+
40. Ke1 Qxb2 41. Qf8+ Qg7 42. Qd6 Qe7 43. Qg3 Kg7 44. f4 Qe3 45. Qh4 Nc3 0-1

[Event "I Open I Like Elo"]
[Site "Roma ITA"]
[Date "2008.11.05"]
[Round "4"]
[White "Maggi, Luigi"]
[Black "Boccardi, Alessandro"]
[Result "1-0"]
[WhiteElo "1896"]
[BlackElo "1494"]
[PlyCount "109"]
[EventDate "2008.10.15"]

1. c4 Nf6 2. Nc3 g6 3. e4 d6 4. d4 Bg7 5. Nge2 O-O 6. Ng3 e5 7. d5 a5 8. Be2
Na6 9. h4 h5 10. Bg5 Qe8 11. Qd2 Nc5 12. Rb1 Bd7 13. O-O Kh7 14. Qc2 Ng4 15.
Bxg4 Bxg4 16. f3 Bd7 17. Rbe1 Kg8 18. Qd2 f6 19. Bh6 Kh7 20. Bxg7 Kxg7 21. b3
Qe7 22. Nge2 f5 23. Qg5 Rae8 24. Qxe7+ Rxe7 25. exf5 gxf5 26. Nb5 Bc8 27. Na7
Bd7 28. Nb5 Bc8 29. Nc1 Kg6 30. a3 Rfe8 31. b4 axb4 32. axb4 Na6 33. Nd3 Bd7
34. Nc3 Kf6 35. c5 Kg7 36. cxd6 cxd6 37. b5 Nc5 38. Nxc5 dxc5 39. Re2 e4 40.
fxe4 fxe4 41. Re3 b6 42. Rf4 Kg6 43. Kf2 Re5 44. Rg3+ Bg4 45. Ke3 Kh7 46. Rf6
Rb8 47. Rf7+ Kg6 48. Ra7 Kh6 49. Ra6 Kg7 50. Ra4 Rd8 51. Rxe4 Kf6 52. Rxe5 Kxe5
53. Kd2 Rg8 54. Re3+ Kd4 55. Re4# 1-0

[Event "I Open I Like Elo"]
[Site "Roma ITA"]
[Date "2008.11.05"]
[Round "4"]
[White "Marigliani, Cristiano"]
[Black "De Maria, Isaia"]
[Result "0-1"]
[WhiteElo "1533"]
[BlackElo "1867"]
[PlyCount "74"]
[EventDate "2008.10.15"]

1. e4 c5 2. Nf3 Nc6 3. d4 cxd4 4. Nxd4 g6 5. Nc3 Bg7 6. Be3 Nf6 7. Bc4 O-O 8.
f3 Na5 9. Bb3 Nxb3 10. Nxb3 d6 11. Qd2 Be6 12. Nd4 d5 13. O-O-O Qa5 14. Kb1
dxe4 15. Nxe6 fxe6 16. Nxe4 Qf5 17. Nc3 Rfc8 18. Rhe1 b5 19. Bf4 Nh5 20. Ne2
Qf6 21. c3 b4 22. Bg5 Qf5+ 23. Ka1 bxc3 24. Nxc3 Rab8 25. Bxe7 Rxb2 26. Qd8+
Rxd8 27. Rxd8+ Kf7 28. Kxb2 Kxe7 29. Red1 Bxc3+ 30. Kxc3 Qc5+ 31. Kb3 Qb5+ 32.
Kc3 Nf4 33. R8d2 Nd5+ 34. Kd4 Qb4+ 35. Kd3 e5 36. Re1 Qd4+ 37. Ke2 Nc3+ 0-1

[Event "I Open I Like Elo"]
[Site "Roma ITA"]
[Date "2008.11.05"]
[Round "4"]
[White "Marino, Danilo"]
[Black "Maggi, Fabrizio"]
[Result "0-1"]
[WhiteElo "1969"]
[BlackElo "2022"]
[PlyCount "86"]
[EventDate "2008.10.15"]

1. e4 e6 2. d4 d5 3. Nc3 Bb4 4. e5 c5 5. a3 Bxc3+ 6. bxc3 Ne7 7. Qg4 Qc7 8.
Qxg7 Rg8 9. Qxh7 cxd4 10. Ne2 Nbc6 11. f4 Bd7 12. Qd3 dxc3 13. Nxc3 a6 14. Rb1
Na5 15. Rg1 Rc8 16. Bd2 Nc4 17. g4 Nxa3 18. Rb3 Nc4 19. Bc1 Nc6 20. Qh7 Ne7 21.
Bxc4 Qxc4 22. Rg3 b5 23. Ba3 Qxf4 24. Ne2 Qe4 25. Qxe4 dxe4 26. Nd4 Rc4 27. Rb4
Rc5 28. c4 Rxc4 29. Rxc4 bxc4 30. Bd6 Nc6 31. Nxc6 Bxc6 32. Kd2 Kd7 33. h4 f5
34. g5 f4 35. Rg1 e3+ 36. Ke2 Be4 37. Rg4 Bd3+ 38. Kf3 e2 39. Bb4 Rb8 40. Be1
Rb1 41. Kf2 c3 42. g6 c2 43. g7 c1=Q 0-1

[Event "I Open I Like Elo"]
[Site "Roma ITA"]
[Date "2008.11.05"]
[Round "4"]
[White "Mulas, Icaro"]
[Black "Riccioni, Luigi"]
[Result "1-0"]
[WhiteElo "1813"]
[BlackElo "1467"]
[PlyCount "79"]
[EventDate "2008.10.15"]

1. d3 e5 2. e4 Nc6 3. c4 Nf6 4. g3 Nd4 5. Bg2 Bc5 6. a3 a5 7. Ne2 d6 8. Nxd4
Bxd4 9. h3 Nd7 10. Nc3 Nb8 11. O-O Nc6 12. Be3 O-O 13. Bxd4 Nxd4 14. b3 c6 15.
Ne2 Qb6 16. Nxd4 Qxd4 17. Kh1 f5 18. f4 fxe4 19. dxe4 Qc5 20. Qd3 exf4 21. gxf4
Rf6 22. f5 Qe5 23. Rab1 Rb8 24. Qd2 Bd7 25. Qg5 Kh8 26. Qd2 Be8 27. Qd3 Bf7 28.
Rbd1 g6 29. fxg6 Rxf1+ 30. Rxf1 Bxg6 31. Rd1 Rd8 32. Qd4 Re8 33. Qxd6 Qe7 34.
Qxe7 Rxe7 35. Rd8+ Kg7 36. e5 Kf7 37. Kh2 Ke6 38. Kg3 Rf7 39. h4 Rf5 40. Bh3
1-0

[Event "I Open I Like Elo"]
[Site "Roma ITA"]
[Date "2008.11.05"]
[Round "4"]
[White "Musmarra, Giovanni"]
[Black "Colantonio, Marco"]
[Result "1-0"]
[WhiteElo "1725"]
[BlackElo "1699"]
[PlyCount "75"]
[EventDate "2008.10.15"]

1. e4 d6 2. d4 Nf6 3. Nc3 g6 4. Bd3 Bg7 5. f4 O-O 6. Nf3 c5 7. h3 cxd4 8. Nxd4
Nc6 9. Nb3 e5 10. Be3 exf4 11. Bxf4 Nh5 12. Bh2 Qh4+ 13. Kf1 Be5 14. Bxe5 Nxe5
15. Kg1 Nf4 16. Bf1 Qg5 17. Kh2 Nc4 18. Qf3 Nxb2 19. Rb1 Qe5 20. g3 Nxh3 21.
Bxh3 Bxh3 22. Kxh3 Rac8 23. Nd5 Rxc2 24. Nf6+ Kg7 25. Nd5 Nc4 26. Rhf1 Rxa2 27.
Rfc1 b5 28. Qf4 Qe6+ 29. g4 h5 30. Nc7 hxg4+ 31. Kg3 Qd7 32. Nd5 f6 33. Nd4 g5
34. Qf5 Qxf5 35. Nxf5+ Kf7 36. Rxb5 Ne5 37. Rb7+ Kg8 38. Rg7+ 1-0

[Event "I Open I Like Elo"]
[Site "Roma ITA"]
[Date "2008.11.05"]
[Round "4"]
[White "Rampini, Carlo"]
[Black "D'Amico, Salvatore"]
[Result "1-0"]
[WhiteElo "1488"]
[BlackElo "1910"]
[PlyCount "77"]
[EventDate "2008.10.15"]

1. e4 d6 2. d4 Nf6 3. Nc3 g6 4. Nf3 Bg7 5. Be2 c6 6. O-O O-O 7. Bg5 b5 8. a3
Na6 9. Qd2 Re8 10. Rfe1 Nc7 11. h3 Bd7 12. e5 Nfd5 13. exd6 Nxc3 14. bxc3 Ne6
15. dxe7 Qc8 16. Bh4 f6 17. Rad1 Rxe7 18. Bd3 Qe8 19. Re2 Qf8 20. Rde1 Bh6 21.
Qd1 Rae8 22. a4 a6 23. axb5 axb5 24. Qb1 Nc7 25. Rxe7 Rxe7 26. Rxe7 Qxe7 27.
Ne5 Be8 28. Qa2+ Kg7 29. Nf3 Bf4 30. c4 Bf7 31. c3 Ne8 32. Qa6 bxc4 33. Bxc4 c5
34. Bxf7 Qxf7 35. Bg3 Bxg3 36. fxg3 cxd4 37. Nxd4 Nc7 38. Qc6 Nd5 39. Ne6+ 1-0

[Event "I Open I Like Elo"]
[Site "Roma ITA"]
[Date "2008.11.05"]
[Round "4"]
[White "Ruotolo, Claudio"]
[Black "Peverieri, Alfredo"]
[Result "1/2-1/2"]
[WhiteElo "1755"]
[BlackElo "1757"]
[PlyCount "56"]
[EventDate "2008.10.15"]

1. f4 d5 2. e3 Nf6 3. b3 Bf5 4. Bb2 Nbd7 5. Nf3 e6 6. Be2 Bd6 7. O-O O-O 8. Ne5
c5 9. a4 h6 10. Na3 a6 11. Kh1 Qc7 12. Ng4 Bxg4 13. Bxg4 e5 14. Bxd7 Nxd7 15.
Qg4 f5 16. Qf3 Nf6 17. c4 d4 18. exd4 exd4 19. Nc2 Rae8 20. g3 Re7 21. Kg1 Rfe8
22. Rfe1 Rxe1+ 23. Rxe1 Re4 24. d3 Rxe1+ 25. Nxe1 Qe7 26. Nc2 Kf8 27. h3 h5 28.
Kf2 Kf7 1/2-1/2

[Event "I Open I Like Elo"]
[Site "Roma ITA"]
[Date "2008.11.05"]
[Round "4"]
[White "Vertechi, Pietro"]
[Black "Arabito, Giuseppe"]
[Result "1-0"]
[WhiteElo "1669"]
[BlackElo "1919"]
[PlyCount "81"]
[EventDate "2008.10.15"]

1. d4 Nf6 2. c4 e6 3. Nc3 Bb4 4. e3 c5 5. Nge2 cxd4 6. exd4 O-O 7. a3 Be7 8. d5
d6 9. Ng3 e5 10. Bd3 Na6 11. O-O Nc5 12. Bc2 a5 13. Rb1 Bd7 14. b4 axb4 15.
axb4 Na6 16. Qd3 Rc8 17. f4 e4 18. Ncxe4 Nxe4 19. Qxe4 f5 20. Qe2 g6 21. Bd3
Bf6 22. Kh1 Re8 23. Qf2 Qc7 24. Be3 Ra8 25. Rfc1 Rxe3 26. Qxe3 b6 27. Qf2 Nb8
28. Bf1 Be8 29. Ne2 Ra2 30. Qe3 Bf7 31. Nd4 Nd7 32. Ra1 Rxa1 33. Rxa1 Qb8 34.
Nc6 Qe8 35. Qxe8+ Bxe8 36. Ra8 Kf8 37. Nb8 Nxb8 38. Rxb8 Bd4 39. c5 bxc5 40.
bxc5 Bxc5 41. Bb5 1-0

[Event "I Open I Like Elo"]
[Site "Roma ITA"]
[Date "2008.11.05"]
[Round "4"]
[White "Vespe, Francesco"]
[Black "Castelfranchi, Carlo"]
[Result "1/2-1/2"]
[WhiteElo "2008"]
[BlackElo "2077"]
[PlyCount "49"]
[EventDate "2008.10.15"]

1. d4 Nf6 2. c4 e5 3. d5 e4 4. Nc3 Bb4 5. Bd2 e3 6. Bxe3 Ne4 7. Qc2 f5 8. Nf3
O-O 9. Bd2 Qe7 10. e3 Nxd2 11. Nxd2 f4 12. e4 d6 13. a3 Bc5 14. Nb3 Bb6 15. Na4
Bf5 16. Nxb6 Bxe4 17. Qe2 axb6 18. f3 Qh4+ 19. Qf2 Qxf2+ 20. Kxf2 Bf5 21. Nd4
Nd7 22. Nxf5 Rxf5 23. Bd3 Re5 24. Rhe1 Rxe1 25. Rxe1 1/2-1/2

[Event "I Open I Like Elo"]
[Site "Roma ITA"]
[Date "2008.11.12"]
[Round "5"]
[White "Arabito, Giuseppe"]
[Black "Marigliani, Cristiano"]
[Result "1-0"]
[WhiteElo "1919"]
[BlackElo "1533"]
[PlyCount "59"]
[EventDate "2008.10.15"]

1. e4 c5 2. Nf3 d6 3. d4 cxd4 4. c3 dxc3 5. Nxc3 Nc6 6. Bc4 e6 7. O-O a6 8. Qe2
Nf6 9. Rd1 Qc7 10. Bf4 b5 11. Bb3 Bb7 12. Rac1 Be7 13. Nd5 Nxd5 14. exd5 exd5
15. Bxd5 O-O 16. Bxc6 Bxc6 17. Nd4 Rfe8 18. Rxc6 Qa7 19. Qd2 Rad8 20. Rdc1 Bf6
21. Be3 Qd7 22. h3 d5 23. Bg5 Bxd4 24. Bxd8 Bxb2 25. Qxb2 Rxd8 26. Qd4 Qf5 27.
R6c5 f6 28. Rd1 Re8 29. Qxd5+ Qxd5 30. Rcxd5 1-0

[Event "I Open I Like Elo"]
[Site "Roma ITA"]
[Date "2008.11.12"]
[Round "5"]
[White "Boccardi, Alessandro"]
[Black "Iacoacci, Giancarlo"]
[Result "1/2-1/2"]
[WhiteElo "1494"]
[BlackElo "1752"]
[PlyCount "134"]
[EventDate "2008.10.15"]

1. e4 c6 2. d4 d5 3. exd5 cxd5 4. Bd3 Nf6 5. h3 e6 6. Bf4 Bd6 7. Bxd6 Qxd6 8.
Nf3 Nc6 9. c3 a6 10. Nbd2 O-O 11. O-O Re8 12. Re1 b5 13. Ne5 Bb7 14. Nb3 Qc7
15. f4 Rac8 16. Rc1 Nxe5 17. fxe5 Ne4 18. Bxe4 dxe4 19. Nc5 Qe7 20. Nxe4 Bxe4
21. Rxe4 Qb7 22. Re1 Qd5 23. b3 Red8 24. Qf3 Qd7 25. Red1 Qe8 26. Kh1 b4 27.
Qe3 g6 28. c4 a5 29. Rd3 a4 30. Rcd1 Qe7 31. d5 exd5 32. cxd5 axb3 33. axb3 Qc5
34. Qf4 Re8 35. Qf6 Qe7 36. Qxe7 Rxe7 37. Re1 Kf8 38. Rd4 Rb7 39. Ree4 Rcb8 40.
g4 g5 41. Kg2 Ke7 42. Rc4 Rb5 43. Red4 Rd8 44. Rc7+ Ke8 45. e6 fxe6 46. Re4
Rbxd5 47. Rxe6+ Kf8 48. Rb6 Rd2+ 49. Kf1 Rh2 50. Kg1 Rb2 51. Rf6+ Kg8 52. Rf1
Rxb3 53. Rff7 Rd1+ 54. Kf2 Rxh3 55. Rfe7 Rd8 56. Rg7+ Kh8 57. Rxg5 Rb8 58. Kg2
Rh6 59. Rgg7 b3 60. Rb7 Rc8 61. Rgd7 Rg6 62. Rxh7+ Kg8 63. Rh1 Rc2+ 64. Kf3 b2
65. Rb1 Rf6+ 66. Ke3 Rff2 67. g5 Rg2 1/2-1/2

[Event "I Open I Like Elo"]
[Site "Roma ITA"]
[Date "2008.11.12"]
[Round "5"]
[White "Castelfranchi, Carlo"]
[Black "Quimi, Marco"]
[Result "1-0"]
[WhiteElo "2077"]
[BlackElo "2239"]
[PlyCount "63"]
[EventDate "2008.10.15"]

1. e4 g6 2. d4 Bg7 3. Nc3 d6 4. Bc4 Nf6 5. Qe2 O-O 6. e5 dxe5 7. dxe5 Ng4 8. e6
f5 9. Nf3 c6 10. h3 Qa5 11. Bd2 Ne5 12. Nd5 Nxf3+ 13. gxf3 Qd8 14. Nf4 b5 15.
Bb3 a5 16. a4 Ba6 17. axb5 Bxb5 18. c4 Ba6 19. O-O Bxb2 20. Bxa5 Qd4 21. Rad1
Qxf4 22. Qxb2 Bxc4 23. Bd2 Qh4 24. Bxc4 Qxh3 25. Be2 Ra4 26. f4 Ra3 27. Be1 Na6
28. Rd7 Re8 29. Qd4 c5 30. Qd2 Kf8 31. Rxe7 Rxe7 32. Qd8+ 1-0

[Event "I Open I Like Elo"]
[Site "Roma ITA"]
[Date "2008.11.12"]
[Round "5"]
[White "D'Amico, Salvatore"]
[Black "Di Dario, Dario"]
[Result "1/2-1/2"]
[WhiteElo "1910"]
[BlackElo "1622"]
[PlyCount "82"]
[EventDate "2008.10.15"]

1. e4 e5 2. Bc4 Nf6 3. d3 Bc5 4. Nf3 Nc6 5. O-O d6 6. Nc3 Bg4 7. h3 Bxf3 8.
Qxf3 Nd4 9. Qd1 O-O 10. Ne2 Ne6 11. Be3 d5 12. Bxc5 Nxc5 13. exd5 Nxd5 14. a3
Ne6 15. Qd2 Qd6 16. Rad1 Rad8 17. Bxd5 Qxd5 18. Nc3 Qc6 19. Qe3 Nf4 20. Qe4
Qxe4 21. Nxe4 b6 22. Rfe1 f6 23. h4 Rd7 24. g3 Ne6 25. Rd2 Rfd8 26. f3 c5 27.
Kf2 c4 28. Red1 cxd3 29. Rxd3 Rxd3 30. Rxd3 Rxd3 31. cxd3 Nd4 32. Nd6 Kf8 33.
Nc8 Nc6 34. b4 b5 35. Nd6 Nd4 36. Ke3 a6 37. g4 g6 38. Nb7 Nc2+ 39. Kd2 Nd4 40.
Ke3 Nc2+ 41. Kd2 Nd4 1/2-1/2

[Event "I Open I Like Elo"]
[Site "Roma ITA"]
[Date "2008.11.12"]
[Round "5"]
[White "De Lisa, Carmine"]
[Black "Maggi, Luigi"]
[Result "1/2-1/2"]
[WhiteElo "1699"]
[BlackElo "1896"]
[PlyCount "23"]
[EventDate "2008.10.15"]

1. e4 e6 2. d4 d5 3. Nc3 Bb4 4. exd5 exd5 5. Nf3 c5 6. a3 Bxc3+ 7. bxc3 Nc6 8.
Bb5 Nge7 9. Ne5 cxd4 10. Bxc6+ Nxc6 11. Nxc6 bxc6 12. Qe2+ 1/2-1/2

[Event "I Open I Like Elo"]
[Site "Roma ITA"]
[Date "2008.11.12"]
[Round "5"]
[White "De Maria, Isaia"]
[Black "Vespe, Francesco"]
[Result "1-0"]
[WhiteElo "1867"]
[BlackElo "2008"]
[PlyCount "112"]
[EventDate "2008.10.15"]

1. e4 b6 2. d4 Bb7 3. Nc3 e6 4. Nf3 Bb4 5. Bd3 c5 6. O-O cxd4 7. Nxd4 Nc6 8.
Be3 Nf6 9. Nxc6 Bxc6 10. e5 Bxc3 11. bxc3 Ne4 12. Qg4 f5 13. Qxg7 Rf8 14. Bxe4
Rf7 15. Qg8+ Rf8 16. Qxh7 Bxe4 17. Bh6 Qe7 18. Qxe7+ Kxe7 19. Bxf8+ Rxf8 20.
Rfe1 Bxc2 21. Rac1 Ba4 22. c4 Bc6 23. f4 Rg8 24. g3 Rc8 25. Kf2 Bb7 26. Ke3 Rh8
27. h4 Rc8 28. Kd4 Rc5 29. Re3 Ra5 30. a3 Ra4 31. Rb3 Ba6 32. Rbc3 b5 33. Kc5
bxc4 34. Kd4 Ra5 35. Rb1 Rd5+ 36. Ke3 Kf7 37. Ke2 d6 38. exd6 Rxd6 39. Rd1 Ke7
40. Rxd6 Kxd6 41. Ke3 e5 42. fxe5+ Kxe5 43. h5 Bb5 44. Rc1 a6 45. h6 Kf6 46.
Kf4 Kg6 47. Rh1 Kh7 48. Kxf5 Bc6 49. Rh4 Bb5 50. g4 c3 51. g5 Bd3+ 52. Kf6 c2
53. Rh1 Be4 54. Re1 Bd3 55. Re7+ Kg8 56. g6 Bb5 1-0

[Event "I Open I Like Elo"]
[Site "Roma ITA"]
[Date "2008.11.12"]
[Round "5"]
[White "Elia, Alessio"]
[Black "Piccolo, Giuseppe"]
[Result "1-0"]
[WhiteElo "1869"]
[BlackElo "1623"]
[PlyCount "67"]
[EventDate "2008.10.15"]

1. d4 d5 2. Nf3 Nf6 3. e3 e6 4. Bd3 c5 5. c3 Nc6 6. Nbd2 Bd6 7. O-O c4 8. Bc2
O-O 9. e4 dxe4 10. Nxe4 Be7 11. Qe2 b5 12. Nxf6+ Bxf6 13. Qe4 g6 14. Qxc6 Bd7
15. Qe4 Rc8 16. Ne5 Bxe5 17. Qxe5 f6 18. Qg3 f5 19. Bg5 Qe8 20. Rae1 Qf7 21.
Bf4 Bc6 22. Re2 Bd5 23. Rfe1 Qf6 24. Be5 Qf7 25. Qg5 f4 26. f3 a5 27. Be4 b4
28. cxb4 axb4 29. Bd6 Rfd8 30. Bxb4 Qa7 31. Bc5 Qxa2 32. Bxg6 hxg6 33. Qxg6+
Kh8 34. Re5 1-0

[Event "I Open I Like Elo"]
[Site "Roma ITA"]
[Date "2008.11.12"]
[Round "5"]
[White "Luzi, Alessandro"]
[Black "Musmarra, Giovanni"]
[Result "1-0"]
[WhiteElo "1912"]
[BlackElo "1725"]
[PlyCount "51"]
[EventDate "2008.10.15"]

1. e4 e5 2. Nf3 d6 3. d4 exd4 4. Nxd4 Nf6 5. Nc3 g6 6. Bc4 Bg7 7. f3 O-O 8. Be3
Nc6 9. Qd2 Bd7 10. Bh6 Bxh6 11. Qxh6 Nxd4 12. O-O-O Nc6 13. h4 Be6 14. Be2 Qe7
15. h5 Rfd8 16. hxg6 fxg6 17. f4 Qg7 18. Qg5 d5 19. exd5 Bxd5 20. Nxd5 Ne4 21.
Qh4 Rac8 22. Bc4 Kh8 23. Rde1 Nd6 24. Nf6 Rd7 25. Nxh7 Qxh7 26. Qf6+ 1-0

[Event "I Open I Like Elo"]
[Site "Roma ITA"]
[Date "2008.11.12"]
[Round "5"]
[White "Mazza, Maurizio"]
[Black "Capitani, Roberto"]
[Result "1-0"]
[WhiteElo "1765"]
[BlackElo "1599"]
[PlyCount "65"]
[EventDate "2008.10.15"]

1. e4 c6 2. d4 d5 3. exd5 cxd5 4. Bd3 g6 5. Bf4 Bg7 6. Nf3 Nc6 7. Nc3 Nf6 8.
O-O O-O 9. Re1 Nh5 10. Be3 a6 11. a3 Qc7 12. Nxd5 Qd6 13. Nb6 Rb8 14. Nxc8
Rfxc8 15. c3 Nf4 16. Bc2 Na5 17. Qc1 Nd5 18. Bg5 Nc6 19. Bh4 f6 20. Bb3 Kh8 21.
c4 g5 22. Bg3 Nf4 23. c5 Qc7 24. Qe3 Rd8 25. Rad1 g4 26. Bxf4 e5 27. dxe5 gxf3
28. exf6 Qc8 29. fxg7+ Kxg7 30. Bh6+ Kh8 31. Bg7+ Kxg7 32. Qg5+ Kh8 33. Qf6#
1-0

[Event "I Open I Like Elo"]
[Site "Roma ITA"]
[Date "2008.11.12"]
[Round "5"]
[White "Mecali, Antonello"]
[Black "Rampini, Carlo"]
[Result "1-0"]
[WhiteElo "1866"]
[BlackElo "1488"]
[PlyCount "77"]
[EventDate "2008.10.15"]

1. c4 Nf6 2. Nc3 g6 3. Nf3 Bg7 4. g3 O-O 5. Bg2 d6 6. O-O Nbd7 7. Qc2 e5 8. d3
c6 9. Rb1 a5 10. b3 Kh8 11. Nd2 Nc5 12. Ba3 Na6 13. b4 axb4 14. Bxb4 c5 15. Ba3
Nc7 16. Rb3 Rb8 17. Rfb1 Ne6 18. e3 b6 19. Qb2 Nd7 20. Nde4 f5 21. Nxd6 f4 22.
Nxc8 Qxc8 23. Qe2 fxe3 24. fxe3 Qd8 25. Qg4 Nc7 26. Qe2 Ne8 27. Nd5 Nd6 28.
Nxb6 Nxb6 29. Bxc5 Ndc8 30. Bh3 Qc7 31. Bxf8 Bxf8 32. Bxc8 Qxc8 33. Rxb6 Rxb6
34. Rxb6 Bh6 35. Qf3 Bg7 36. Qb7 Qf5 37. Qa8+ Bf8 38. Rb8 Kg7 39. Rxf8 1-0

[Event "I Open I Like Elo"]
[Site "Roma ITA"]
[Date "2008.11.12"]
[Round "5"]
[White "Medori, Marco"]
[Black "Vertechi, Pietro"]
[Result "1-0"]
[WhiteElo "1929"]
[BlackElo "1669"]
[PlyCount "87"]
[EventDate "2008.10.15"]

1. d4 Nf6 2. Bf4 g6 3. Nc3 Bg7 4. e4 d6 5. h3 a6 6. Nf3 b5 7. e5 dxe5 8. dxe5
Qxd1+ 9. Rxd1 Nfd7 10. Nd5 Ra7 11. e6 fxe6 12. Nxc7+ Rxc7 13. Bxc7 Bxb2 14. Be2
Bc3+ 15. Nd2 Bb7 16. O-O Bd5 17. Nb3 Kf7 18. Rd3 Bf6 19. Re1 Rc8 20. Bxb8 Nxb8
21. Bd1 Nd7 22. Bg4 Rc7 23. Rde3 Rxc2 24. Bxe6+ Bxe6 25. Rxe6 Rxa2 26. Nc1 Ra4
27. Nd3 Rd4 28. R6e3 Rd6 29. Nf4 Nb6 30. Re6 Nc4 31. Rxd6 exd6 32. Nd5 Bd8 33.
Rb1 Ke6 34. Nb4 Ba5 35. Nxa6 Na3 36. Rb3 Nc4 37. Rxb5 d5 38. Nc5+ Ke5 39. Kf1
Bc3 40. Ke2 Nd6 41. Nd3+ Kd4 42. Rb6 Ne4 43. Rb7 h5 44. Nf4 1-0

[Event "I Open I Like Elo"]
[Site "Roma ITA"]
[Date "2008.11.12"]
[Round "5"]
[White "Pala, Giorgio"]
[Black "Marino, Danilo"]
[Result "1-0"]
[WhiteElo "1988"]
[BlackElo "1969"]
[PlyCount "121"]
[EventDate "2008.10.15"]

1. e4 c5 2. Nf3 a6 3. g3 d6 4. Bg2 Nc6 5. O-O Nf6 6. d3 g6 7. Nbd2 Bg7 8. Re1
O-O 9. Nf1 h6 10. c3 e5 11. d4 Bg4 12. d5 Ne7 13. h3 Bd7 14. N3h2 Qc8 15. g4 h5
16. Bg5 hxg4 17. Nxg4 Bxg4 18. hxg4 Re8 19. Ne3 Nh7 20. Bh4 Bh6 21. Bh3 Ng5 22.
Bg2 Kg7 23. Bg3 Nh7 24. Bf3 b5 25. Kg2 Ng5 26. Rh1 Rh8 27. Bh4 Qd7 28. Qg1 Nxf3
29. Kxf3 Bf4 30. Bxe7 Qxe7 31. Qg2 b4 32. c4 a5 33. Rxh8 Rxh8 34. Rh1 Rxh1 35.
Qxh1 a4 36. Ng2 Qf6 37. Ke2 Bh6 38. Qh4 Bg5 39. Qg3 Bf4 40. Qh4 Bg5 41. Qg3 Qe7
42. Qf3 Qb7 43. Qd3 b3 44. axb3 axb3 45. Qc3 f6 46. Ne3 Qd7 47. f3 Qa4 48. Nf1
Bf4 49. Nd2 Qa1 50. Nxb3 Qg1 51. Nd2 Kh6 52. Nf1 Kg5 53. b4 cxb4 54. Qxb4 Qg2+
55. Ke1 Qxf3 56. c5 dxc5 57. Qc4 Kxg4 58. d6 f5 59. d7 Bg5 60. exf5+ e4 61.
Nh2+ 1-0

[Event "I Open I Like Elo"]
[Site "Roma ITA"]
[Date "2008.11.12"]
[Round "5"]
[White "Palama', Pierpaolo"]
[Black "Attanasi, Salvatore"]
[Result "0-1"]
[WhiteElo "1446"]
[BlackElo "1784"]
[PlyCount "59"]
[EventDate "2008.10.15"]

1. e4 d5 2. exd5 Qxd5 3. Nf3 Nf6 4. d3 Bg4 5. Be2 e6 6. O-O Bd6 7. c4 Qa5 8. a3
c5 9. Nc3 a6 10. Bg5 Nbd7 11. h3 Bh5 12. Qd2 Qc7 13. Rfe1 O-O 14. g4 Bg6 15.
Bh4 Bf4 16. Qc2 Rad8 17. Bg5 h6 18. Bh4 Rfe8 19. Kg2 Ne5 20. Bxf6 gxf6 21. Ne4
Kg7 22. Rad1 Rd7 23. b4 Bxe4 24. dxe4 Red8 25. Rxd7 Rxd7 26. Rd1 Rxd1 27. Bxd1
Nd7 28. b5 axb5 29. cxb5 b6 30. Qd3 $138 0-1